000 00377nam a2200145Ia 4500
008 200103s9999||||xx |||||||||||||| ||und||
040 _aIMU-MPC
082 _aColumn-58
100 _aMarkus, John
245 0 _aTelevision and Radio Repairing
250 _a2nd ed.
260 _bTata McGraw-Hill Publishing Company Ltd., New Delhi
_c1976
300 _aviii, 568
942 _cBK
999 _c10773
_d10773